Starting English : A beginner s course /

Salvato in:
Dettagli Bibliografici
Autore principale: Gray, Joanna (Autore)
Natura: Libro
Lingua:inglese
Pubblicazione: Bratislava : Mladé letá, 1991
Edizione:1.vyd.
Soggetti:
Accesso online:OBSAH
Tags: Aggiungi Tag
Nessun Tag, puoi essere il primo ad aggiungerne!!

MARC

LEADER 00000nam a22000003a 4500
001 stu36542
005 20150617225726.4
008 920610s1991----cs------------------eng-d
040 |a STU  |b slo 
041 0 |a eng 
044 |a cs 
080 |a 802.0(075) 
100 1 |a Gray, Joanna  |4 aut 
245 1 |a Starting English :  |b A beginner s course /  |c [aut.]Joanna Gray 
250 |a 1.vyd. 
260 |a Bratislava :  |b Mladé letá,  |c 1991 
300 |a 124 s 
650 7 |a angličtina  |2 stusub 
856 4 |a https://sweb.mtf.stuba.sk/obsahy/starting_english_86.PDF  |u https://sweb.mtf.stuba.sk/obsahy/starting_english_86.PDF  |3 OBSAH 
996 |b 284M022522  |c M*7833/1-5  |l MMKN  |s A  |a 24  |w stu36542_0001 
996 |b 284M051249  |c M*7833/1-1  |l MMKN  |s A  |a 24  |w stu36542_0002 
996 |b 284M022521  |c M*7833/1-2  |l MMKN  |s A  |a 24  |w stu36542_0003 
996 |b 284M056050  |c M*7833/1-3  |l MMKN  |s A  |a 24  |w stu36542_0004 
996 |b 284M022520  |c M*7833/1-4  |l MMKN  |s A  |a 24  |w stu36542_0005 
996 |b 284M022519  |c M*7833/1-6  |l MMKN  |s A  |a 24  |w stu36542_0006